Liquid Crystalline Polymers Volume 1–Structure and Chemistry /

This book introduces anisotropic innovations in liquid crystalline polymers as well as new nanocomposite materials and testing techniques. The authors detail the newest discoveries of material properties, material types and phases, and material characterization.  This interdisciplinary work creates...

Full description

Bibliographic Details
Corporate Author: SpringerLink (Online service)
Other Authors: Thakur, Vijay Kumar (Editor), Kessler, Michael R. (Editor)
Format: Electronic eBook
Language:English
Published: Cham : Springer International Publishing : Imprint: Springer, 2016.
Edition:1st ed. 2016.
Subjects:
Online Access:Full Text via HEAL-Link
LEADER 02389nam a22005535i 4500
001 978-3-319-22894-5
003 DE-He213
005 20151116150112.0
007 cr nn 008mamaa
008 151116s2016 gw | s |||| 0|eng d
020 |a 9783319228945  |9 978-3-319-22894-5 
024 7 |a 10.1007/978-3-319-22894-5  |2 doi 
040 |d GrThAP 
050 4 |a T174.7 
050 4 |a TA418.9.N35 
072 7 |a TBN  |2 bicssc 
072 7 |a TEC027000  |2 bisacsh 
072 7 |a SCI050000  |2 bisacsh 
082 0 4 |a 620.115  |2 23 
245 1 0 |a Liquid Crystalline Polymers  |h [electronic resource] :  |b Volume 1–Structure and Chemistry /  |c edited by Vijay Kumar Thakur, Michael R. Kessler. 
250 |a 1st ed. 2016. 
264 1 |a Cham :  |b Springer International Publishing :  |b Imprint: Springer,  |c 2016. 
300 |a XI, 626 p. 246 illus., 84 illus. in color.  |b online resource. 
336 |a text  |b txt  |2 rdacontent 
337 |a computer  |b c  |2 rdamedia 
338 |a online resource  |b cr  |2 rdacarrier 
347 |a text file  |b PDF  |2 rda 
505 0 |a Introduction -- Basic concepts -- Development -- Material properties -- Synthesis Techniques -- Chemistry. 
520 |a This book introduces anisotropic innovations in liquid crystalline polymers as well as new nanocomposite materials and testing techniques. The authors detail the newest discoveries of material properties, material types and phases, and material characterization.  This interdisciplinary work creates valuable links that strengthen the approach to the evolving field of liquid crystalline polymers/materials. 
650 0 |a Materials science. 
650 0 |a Polymers. 
650 0 |a Thermodynamics. 
650 0 |a Heat engineering. 
650 0 |a Heat transfer. 
650 0 |a Mass transfer. 
650 0 |a Nanotechnology. 
650 1 4 |a Materials Science. 
650 2 4 |a Nanotechnology. 
650 2 4 |a Polymer Sciences. 
650 2 4 |a Engineering Thermodynamics, Heat and Mass Transfer. 
650 2 4 |a Characterization and Evaluation of Materials. 
700 1 |a Thakur, Vijay Kumar.  |e editor. 
700 1 |a Kessler, Michael R.  |e editor. 
710 2 |a SpringerLink (Online service) 
773 0 |t Springer eBooks 
776 0 8 |i Printed edition:  |z 9783319228938 
856 4 0 |u http://dx.doi.org/10.1007/978-3-319-22894-5  |z Full Text via HEAL-Link 
912 |a ZDB-2-CMS 
950 |a Chemistry and Materials Science (Springer-11644)